000
00207nam a22000977a 4500
041
_a
ENG
100
_a
Gavhane .K A
245
_a
Heat Transfer SI Units
260
_a
Pune
_b
Nirali Prakasan
_c
1999
300
_a
1999
999
_c
627
_d
627